| 000 | 02188nam a22003257a 4500 | ||
|---|---|---|---|
| 999 |
_c21487 _d21487 |
||
| 003 | AR-CdUCM | ||
| 008 | 190220b ||||| |||| 00| 0 spa d | ||
| 020 | _a9789972513145 | ||
| 040 |
_aMUNICIPALIDAD PROVINCIAL DEL CUSCO _cBIBLIOTECA MUNICIPAL DEL CUSCO |
||
| 082 |
_a305.098/C93 _bC93 |
||
| 100 |
_aCueto, Marcos _940355 |
||
| 245 |
_aDesarrollo, desigualdades y conflictos sociales : _buna perspectiva desde los países andinos / _cMarcos Cueto y Adrián Lerner, editores. |
||
| 260 |
_aLima : _bInstituto de Estudios Peruanos, IEP, _c2011. |
||
| 300 |
_a245 páginas. : _bilustraciones ; _c23 cm. |
||
| 440 |
_aSerie Estudios sobre Desigualdad, _n01. _945012 |
||
| 500 | _zBibliografía: p. [223]-241. | ||
| 505 | _aContenido: Presentación / Marcos Cueto y Adrían Lerner -- Discriminación, desigualdad y territorio : nuevas y viejas jerarquías en definición (Perú) / Patricia Ames -- Tecnócratas y egresados de universidades estadounidenses : el saber económico en la construcción neoliberal en Colombia / Consuelo Uribe -- Ciudad, seguridad y racismo (Quito) / Eduardo Kingman -- Clivajes sociales y clivajes políticos (Bolivia) / Luis Tapia -- Las luchas territoriales en Ecuador y Bolivia. Identidad, nación y estado / Felipe Burbano -- La arquitectura político-institucional de las desigualdades en Bolivia / Fernando Wanderley -- La conflictividad irresuelta. Movimientos sociales; percepciones de desigualdad y crisis de representación en el Perú / Anahí Durand -- Los actores sociales en Colombia, entre la violencia y el neoliberalismo el caso de sindicalismo / Mauricio Archila -- La crisis de inclusión en América Latina : cuatro vías para enfrentarla / Luis Reygadas. | ||
| 650 |
_aIgualdad _92595 |
||
| 650 |
_aConflicto social _945013 |
||
| 650 |
_aDesarrollo económico _91696 |
||
| 650 |
_aMovimientos sociales _91450 |
||
| 650 |
_aRegión Andina _915505 |
||
| 700 |
_aLerner, Adrián [editor] _945014 |
||
| 700 |
_aAmes Ramello, Patricia _923924 |
||
| 700 |
_aUribe Mallarino, Consuelo _945015 |
||
| 700 |
_aDurand Guevara, Anahí _945016 |
||
| 710 |
_aInstituto de Estudios Peruanos (Lima) _99759 |
||
| 942 |
_2ddc _cLIBROS |
||
| 945 | _aRoel | ||